| Tag |
First Indicator |
Second Indicator |
Subfields |
| LEADER |
00000cam a2200000 a 4500 |
| 001 |
in00002363740 |
| 005 |
20230413230017.8 |
| 008 |
080305s2008 waua b 101 0 eng d |
| 020 |
|
|
|a 9780819470010
|
| 020 |
|
|
|a 0819470015
|
| 035 |
|
|
|a (OCoLC)ocn212816247
|
| 040 |
|
|
|a SCW
|c SCW
|d TXA
|d UtOrBLW
|
| 049 |
|
|
|a TXAM
|
| 090 |
|
|
|a R857.O6
|b O68 2008
|
| 245 |
0 |
0 |
|a Optics in health care and biomedical optics III :
|b 12-15 November 2007, Beijing, China /
|c Xingde Li, Qingming Luo, Ying Gu, editors ; sponsored by SPIE [and] COS--Chinese Optical Society ; cooperating organizations, OSJ--Optical Society of Japan [and others] ; supporting organizations, CAST--China Association for Science and Technology (China), NNSF--National Nature Science Foundation (China) [and] the Ministry of Science and Technology (China).
|
| 246 |
3 |
0 |
|a Optics in health care and biomedical optics three
|
| 246 |
3 |
|
|a Optics in health care and biomedical optics 3
|
| 264 |
|
1 |
|a Bellingham, Washington :
|b SPIE,
|c [2008]
|
| 264 |
|
4 |
|c ©2008
|
| 300 |
|
|
|a 1 volume (various pagings) :
|b illustrations ;
|c 28 cm.
|
| 336 |
|
|
|a text
|b txt
|2 rdacontent
|
| 337 |
|
|
|a unmediated
|b n
|2 rdamedia
|
| 338 |
|
|
|a volume
|b nc
|2 rdacarrier
|
| 490 |
1 |
|
|a Progress in biomedical optics and imaging,
|v v. 8, no. 49
|
| 490 |
1 |
|
|a Proceedings / SPIE--the International Society for Optical Engineering ;
|v v. 6826
|
| 504 |
|
|
|a Includes bibliographical references and index.
|
| 650 |
|
0 |
|a Imaging systems in medicine
|v Congresses.
|
| 650 |
|
0 |
|a Lasers in medicine
|v Congresses.
|
| 650 |
|
0 |
|a Diagnostic imaging
|v Congresses.
|
| 650 |
|
0 |
|a Biosensors
|v Congresses.
|
| 650 |
|
0 |
|a Optical tomography
|v Congresses.
|
| 700 |
1 |
|
|a Li, Xingde.
|
| 700 |
1 |
|
|a Luo, Qingming.
|
| 700 |
1 |
|
|a Gu, Ying.
|
| 710 |
2 |
|
|a Society of Photo-optical Instrumentation Engineers.
|
| 710 |
2 |
|
|a Zhongguo guang xue xue hui.
|
| 710 |
2 |
|
|a Nihon Kōgakkai (Ōyō Butsuri Gakkai)
|
| 710 |
2 |
|
|a Zhongguo ke xue ji shu xie hui.
|
| 710 |
2 |
|
|a Guo jia zi ran ke xue ji jin wei yuan hui (China)
|
| 710 |
1 |
|
|a China.
|b Guo jia ke xue ji shu bu.
|
| 830 |
|
0 |
|a Progress in biomedical optics and imaging ;
|v v. 8, no. 49.
|
| 830 |
|
0 |
|a Proceedings of SPIE--the International Society for Optical Engineering ;
|v v. 6826.
|
| 856 |
4 |
1 |
|u https://www.spiedigitallibrary.org/conference-proceedings-of-SPIE/6826.toc
|t 0
|
| 948 |
|
|
|a cataloged
|b h
|c 2008/3/18
|d c
|e dmitchel
|f 9:00:00 am
|
| 994 |
|
|
|a C0
|b TXA
|
| 999 |
|
|
|a MARS
|
| 999 |
f |
f |
|s d2859afe-b904-34a7-a9b7-393e2afe3f04
|i 699931e1-9faa-3c33-b80a-2ce2a3bf13fd
|t 0
|
| 952 |
f |
f |
|p ric
|a Texas A&M University
|b Rellis Campus
|c Joint Library Facility
|d Remote Storage
|t 0
|e R857.O6 O68 2008
|h Library of Congress classification
|i unmediated -- volume
|m A14836943217
|
| 998 |
f |
f |
|a R857.O6 O68 2008
|t 0
|l Remote Storage
|